Vida Caminata/ (Record no. 3038)

MARC details
000 -LEADER
campo de control de longitud fija 00847nam a22002417a 4500
003 - IDENTIFICADOR DE NÚMERO DE CONTROL
campo de control OSt
005 - FECHA Y HORA DE LA ÚLTIMA TRANSACCIÓN
campo de control 20230202111237.0
008 - DATOS DE LONGITUD FIJA--INFORMACIÓN GENERAL
campo de control de longitud fija 221006b |||||||| |||| 00| 0 eng d
040 ## - FUENTE DE CATALOGACIÓN
Centro/agencia transcriptor Biblioteca Lado V
082 ## - NÚMERO DE LA CLASIFICACIÓN DECIMAL DEWEY
Número de clasificación 750.11
Número de ítem M977v
100 ## - ENTRADA PRINCIPAL--NOMBRE DE PERSONA
9 (RLIN) 730
Nombre de persona Murillo Landero, Andrés
Término indicativo de función/relación autor
245 ## - MENCIÓN DEL TÍTULO
Título Vida Caminata/
Resto del título Walk of life/
260 ## - PUBLICACIÓN, DISTRIBUCIÓN, ETC.
Lugar de publicación, distribución, etc. Mexico
-- Colombia
Nombre del editor, distribuidor, etc. Escuela de Arts Collaboratory
Fecha de publicación, distribución, etc. 2022
300 ## - DESCRIPCIÓN FÍSICA
Dimensiones 18x24cm
Extensión 51p.
650 #0 - PUNTO DE ACCESO ADICIONAL DE MATERIA--TÉRMINO DE MATERIA
Fuente del encabezamiento o término Tesauro de Arte & Arquitectura
Término de materia o nombre geográfico como elemento de entrada PINTURA
9 (RLIN) 702
650 ## - PUNTO DE ACCESO ADICIONAL DE MATERIA--TÉRMINO DE MATERIA
Fuente del encabezamiento o término Tesauro de Arte & Arquitectura
Término de materia o nombre geográfico como elemento de entrada LITERATURA
9 (RLIN) 702
650 ## - PUNTO DE ACCESO ADICIONAL DE MATERIA--TÉRMINO DE MATERIA
Fuente del encabezamiento o término Tesauro de Arte & Arquitectura
Término de materia o nombre geográfico como elemento de entrada EXHIBICION
650 ## - PUNTO DE ACCESO ADICIONAL DE MATERIA--TÉRMINO DE MATERIA
Fuente del encabezamiento o término Tesauro de Arte & Arquitectura
Término de materia o nombre geográfico como elemento de entrada CATALOGO
700 ## - ENTRADA AGREGADA--NOMBRE PERSONAL
Nombre de persona Morales, Mario
Término indicativo de función/relación editor
700 ## - ENTRADA AGREGADA--NOMBRE PERSONAL
Nombre de persona Olguin Zapata, Jazael
Término indicativo de función/relación editor
700 ## - ENTRADA AGREGADA--NOMBRE PERSONAL
Nombre de persona Brito, Sandro
Término indicativo de función/relación editor
942 ## - ELEMENTOS DE ENTRADA SECUNDARIOS (KOHA)
Fuente del sistema de clasificación o colocación Clasificación Decimal Dewey
Tipo de ítem Koha Libros
Parte de la signatura que corresponde a la clasificación (Parte de la clasificación) 750.11
Parte de la signatura que identifica el ejemplar (Parte del ítem) M977v
Suprimir en OPAC No
Holdings
Estatus retirado Estado de pérdida Fuente del sistema de clasificación o colocación Estado de daño No para préstamo Biblioteca de origen Biblioteca actual Fecha de adquisición Número de inventario Total de préstamos Signatura topográfica completa Código de barras Visto por última vez Precio de reemplazo Tipo de ítem Koha
    Clasificación Decimal Dewey     Biblioteca LadoV Biblioteca LadoV 02/02/2023 005148   750.11 M977v 005148 02/02/2023 02/02/2023 Libros